KOHA-Header-6

Kainat Quran aur Science (Record no. 2922)

000 -LEADER
fixed length control field 00286nam a2200109Ia 4500
008 - FIXED-LENGTH DATA ELEMENTS--GENERAL INFORMATION
fixed length control field 190902s9999||||xx |||||||||||||| ||und||
100 ## - MAIN ENTRY--PERSONAL NAME
Personal name Doctor Dildar Ahmed Qadri
245 #0 - TITLE STATEMENT
Title Kainat Quran aur Science
260 ## - PUBLICATION, DISTRIBUTION, ETC. (IMPRINT)
Place of publication, distribution, etc Karachi
Name of publisher, distributor, etc Fazli Sons Private Limited
Date of publication, distribution, etc 1998
300 ## - PHYSICAL DESCRIPTION
Extent 128
942 ## - ADDED ENTRY ELEMENTS (KOHA)
Koha item type Books
Holdings
Withdrawn status Lost status Source of classification or shelving scheme Damaged status Not for loan Collection code Permanent Location Current Location Shelving location Date acquired Total Checkouts Barcode Date last seen Date checked out Price effective from Koha item type
          Islamic Studies MAJU MAJU   2019-09-02 1 6595 2025-07-14 2025-01-29 2019-09-02 Islamic Studies

Powered by Koha